Premier League XIs 2013-14 - Statistics

General Stats
  • This quiz has been taken 365 times
    327 since last reset
  • The average score is 83 of 220
Answer Stats
Position Answer Club % Correct
GK David de Gea Manchester United
87%
GK Petr Čech Chelsea
87%
ST Wayne Rooney Manchester United
86%
GK Joe Hart Manchester City
84%
DF John Terry Chelsea
83%
ST Luis Suárez Liverpool
83%
DF Vincent Kompany Manchester City
83%
ST Robin van Persie Manchester United
81%
MF Leroy Fer Norwich City
80%
MF Steven Gerrard Liverpool
80%
MF Yaya Touré Manchester City
80%
ST Daniel Sturridge Liverpool
79%
DF Gary Cahill Chelsea
79%
MF Eden Hazard Chelsea
78%
DF Laurent Koscielny Arsenal
78%
ST Olivier Giroud Arsenal
78%
DF Billy Jones West Bromwich Albion
77%
DF Per Mertesacker Arsenal
77%
DF Phil Jones Manchester United
77%
GK Simon Mignolet Liverpool
77%
MF Raheem Sterling Liverpool
76%
MF David Silva Manchester City
75%
GK Hugo Lloris Tottenham Hotspur
74%
DF Pablo Zabaleta Manchester City
74%
MF Adam Johnson Sunderland
73%
MF Bradley Johnson Norwich City
73%
MF Frank Lampard Chelsea
73%
DF Glen Johnson Liverpool
73%
DF Branislav Ivanović Chelsea
72%
DF Nemanja Vidić Manchester United
71%
ST Romelu Lukaku Everton
71%
GK Wojciech Szczęsny Arsenal
70%
ST Edin Džeko Manchester City
69%
MF Jack Wilshere Arsenal
69%
DF Leighton Baines Everton
69%
DF Martin Škrtel Liverpool
69%
GK Tim Howard Everton
69%
MF Mesut Özil Arsenal
68%
MF Michael Carrick Manchester United
68%
MF Oscar Chelsea
68%
DF Séamus Coleman Everton
68%
MF Aaron Ramsey Arsenal
67%
DF Chris Smalling Manchester United
66%
MF Jordan Henderson Liverpool
66%
DF Luke Shaw Southampton
66%
MF Santi Cazorla Arsenal
66%
DF Bacary Sagna Arsenal
65%
ST Peter Crouch Stoke City
64%
DF Aleksandar Kolarov Manchester City
63%
DF Martín Demichelis Manchester City
63%
DF Patrice Evra Manchester United
63%
MF Willian Chelsea
63%
MF Antonio Valencia Manchester United
61%
DF Kieran Gibbs Arsenal
61%
DF Kyle Walker Tottenham Hotspur
61%
MF Philippe Coutinho Liverpool
61%
MF Ramires Chelsea
61%
MF Samir Nasri Manchester City
61%
MF Fernandinho Manchester City
60%
MF Adam Lallana Southampton
59%
DF Jan Vertonghen Tottenham Hotspur
59%
MF Mark Noble West Ham United
59%
DF Phil Jagielka Everton
59%
ST Álvaro Negredo Manchester City
58%
DF Danny Rose Tottenham Hotspur
58%
MF Gareth Barry Everton
57%
DF Rafael Manchester United
56%
MF Mikel Arteta Arsenal
54%
DF Nathaniel Clyne Southampton
54%
DF César Azpilicueta Chelsea
53%
MF Lucas Leiva Liverpool
53%
GK Tim Krul Newcastle United
53%
GK Ben Foster West Bromwich Albion
52%
DF Ashley Williams Swansea City
51%
DF Ben Davies Swansea City
51%
DF Curtis Davies Hull City
51%
MF Moussa Dembélé Tottenham Hotspur
50%
MF Christian Eriksen Tottenham Hotspur
49%
DF Michael Dawson Tottenham Hotspur
49%
ST Christian Benteke Aston Villa
48%
DF Joel Ward Crystal Palace
48%
MF Kevin Mirallas Everton
48%
ST Rickie Lambert Southampton
47%
DF Ryan Shawcross Stoke City
47%
ST Gabby Agbonlahor Aston Villa
45%
ST Roberto Soldado Tottenham Hotspur
45%
MF Charlie Adam Stoke City
43%
MF Tom Cleverley Manchester United
43%
MF Ross Barkley Everton
42%
DF John O'Shea Sunderland
41%
DF Dejan Lovren Southampton
40%
GK Brad Guzan Aston Villa
39%
MF James McCarthy Everton
39%
GK Asmir Begović Stoke City
38%
ST Emmanuel Adebayor Tottenham Hotspur
38%
DF Fabricio Coloccini Newcastle United
38%
DF Jon Flanagan Liverpool
38%
MF Moussa Sissoko Newcastle United
38%
ST Samuel Eto'o Chelsea
38%
ST Wilfried Bony Swansea City
38%
ST Dimitar Berbatov Fulham
37%
DF Andrew Taylor Cardiff City
36%
MF Leon Osman Everton
35%
GK Michel Vorm Swansea City
35%
MF Aaron Lennon Tottenham Hotspur
34%
MF Morgan Schneiderlin Southampton
34%
DF James Collins West Ham United
33%
ST Jay Rodriguez Southampton
33%
GK Julián Speroni Crystal Palace
33%
DF Sylvain Distin Everton
33%
MF Kevin Nolan West Ham United
32%
MF Stewart Downing West Ham United
32%
GK John Ruddy Norwich City
31%
MF Jonjo Shelvey Swansea City
30%
DF José Fonte Southampton
30%
MF Scott Parker Fulham
30%
DF Àngel Rangel Swansea City
29%
GK Artur Boruc Southampton
29%
MF Steven Davis Southampton
29%
DF Wes Brown Sunderland
29%
MF Cheick Tioté Newcastle United
28%
ST Jon Walters Stoke City
28%
MF Marko Arnautović Stoke City
28%
MF Tom Huddlestone Hull City
28%
MF Yannick Bolasie Crystal Palace
28%
MF Mile Jedinak Crystal Palace
27%
MF Nathan Dyer Swansea City
27%
DF Russell Martin Norwich City
27%
MF Wayne Routledge Swansea City
27%
DF Brede Hangeland Fulham
26%
MF Chris Brunt West Bromwich Albion
26%
MF Fabian Delph Aston Villa
26%
MF James Morrison West Bromwich Albion
26%
ST Fabio Borini Sunderland
24%
MF Jake Livermore Hull City
23%
MF Jason Puncheon Crystal Palace
23%
MF Leon Britton Swansea City
23%
MF Paulinho Tottenham Hotspur
23%
DF Ciaran Clark Aston Villa
22%
DF James Tomkins West Ham United
22%
DF John Arne Riise Fulham
22%
DF Marc Wilson Stoke City
22%
DF Mathieu Debuchy Newcastle United
22%
MF Glenn Whelan Stoke City
21%
ST Loïc Rémy Newcastle United
21%
MF Robert Snodgrass Norwich City
21%
ST Fraizer Campbell Cardiff City
20%
MF Lee Cattermole Sunderland
20%
MF Nathan Redmond Norwich City
20%
DF Ron Vlaar Aston Villa
20%
DF Jonas Olsson West Bromwich Albion
19%
DF Martin Olsson Norwich City
19%
GK Vito Mannone Sunderland
19%
GK Adrián West Ham United
18%
GK Allan McGregor Hull City
18%
ST Andreas Weimann Aston Villa
18%
ST Cameron Jerome Crystal Palace
18%
DF Geoff Cameron Stoke City
18%
MF Kieran Richardson Fulham
18%
DF Mike Williamson Newcastle United
18%
ST Nikica Jelavić Hull City
18%
MF Sebastian Larsson Sunderland
18%
MF Ahmed Elmohamady Hull City
17%
GK David Marshall Cardiff City
17%
DF Gareth McAuley West Bromwich Albion
17%
MF Ashley Westwood Aston Villa
16%
DF Phil Bardsley Sunderland
16%
DF Sébastien Bassong Norwich City
16%
MF Claudio Yacob West Bromwich Albion
15%
DF Damien Delaney Crystal Palace
14%
DF Erik Pieters Stoke City
14%
MF Jonathan de Guzmán Swansea City
14%
MF Mohamed Diamé West Ham United
14%
MF David Meyler Hull City
13%
MF Jack Colback Sunderland
13%
DF James Chester Hull City
13%
DF Leandro Bacuna Aston Villa
13%
MF Pajtim Kasami Fulham
13%
ST Stéphane Sessègnon West Bromwich Albion
13%
MF Steve Sidwell Fulham
13%
MF Vurnon Anita Newcastle United
13%
MF Youssouf Mulumbu West Bromwich Albion
13%
DF Alex Bruce Hull City
12%
MF Jack Cork Southampton
12%
MF Matthew Jarvis West Ham United
12%
DF Nathan Baker Aston Villa
12%
DF Chico Flores Swansea City
11%
MF Jordon Mutch Cardiff City
11%
ST Jozy Altidore Sunderland
11%
DF Steven Caulker Cardiff City
11%
DF Davide Santon Newcastle United
10%
MF Peter Whittingham Cardiff City
10%
MF Steven N'Zonzi Stoke City
10%
MF Yoan Gouffran Newcastle United
10%
DF Maynor Figueroa Hull City
9%
DF Ben Turner Cardiff City
8%
GK David Stockdale Fulham
8%
MF Gary Medel Cardiff City
8%
ST Marouane Chamakh Crystal Palace
8%
DF Michael Turner Norwich City
8%
MF Aron Gunnarsson Cardiff City
7%
ST Gary Hooper Norwich City
7%
DF Joey O'Brien West Ham United
7%
DF Liam Ridgewell West Bromwich Albion
6%
DF Liam Rosenior Hull City
6%
DF Sascha Riether Fulham
6%
MF Jonny Howson Norwich City
5%
MF Karim El Ahmadi Aston Villa
5%
DF Kévin Théophile-Catherine Cardiff City
5%
MF Morgan Amalfitano West Bromwich Albion
5%
DF Adrian Mariappa Crystal Palace
4%
MF Ashkan Dejagah Fulham
4%
DF George McCartney West Ham United
4%
DF Guy Demel West Ham United
4%
MF Ki Sung-Yueng Sunderland
4%
DF Mapou Yanga-Mbiwa Newcastle United
4%
MF Bo-kyung Kim Cardiff City
3%
DF Danny Gabbidon Crystal Palace
3%
DF Fernando Amorebieta Fulham
3%
MF Kagisho Dikgacoi Crystal Palace
2%
No matching quizzes found
Score Distribution
Percent of People with Each Score
Percentile by Number Answered
Your Score History
You have not taken this quiz since the last reset